| 000 | 00544nam a2200181 4500 | ||
|---|---|---|---|
| 001 | 140217 | ||
| 003 | ES-MaACL | ||
| 005 | 20230906200032.0 | ||
| 007 | t| | ||
| 008 | 070214s1972 sp r ||||1| cat d | ||
| 100 | 1 |
_aSchulz, Charles M. _9104789 |
|
| 245 | 1 | 0 |
_aFes volar l'estel, Charlie Brown / _cCharles M. Schulz ; traducció de Antoni Pigrau i Rodríguez. |
| 250 | _a1ª. ed. | ||
| 260 |
_aBarcelona : _bEdicions 62, _c1972. |
||
| 300 |
_a64 h. ; _c21 cm. |
||
| 700 | 1 |
_aPigrau, Antoni. _992005 |
|
| 852 |
_aES-MaACL _jC-47904 _bR.84445 |
||
| 999 |
_c140217 _d140217 |
||